Statistics for Fifa 22 Top 25 Brazil Players

Click here to take the quiz!

General Stats

  • This quiz has been taken 292 times
  • The average score is 16 of 25

Answer Stats

RatingClubPlayer% Correct
91PSGNeymar
100%
89LiverpoolAlisson
93%
89Manchester CityEderson
90%
87PSGMarquinhos
89%
85LiverpoolRoberto Firmino
89%
89Real MadridCasemiro
87%
86LiverpoolFabinho
87%
85ChelseaThiago Silva
87%
82EvertonRicharlison
76%
83Manchester CityGabriel Jesus
71%
83Manchester CityFernandinho
69%
83Piemonte CalcioAlex Sandro
66%
82Real MadridEder Militao
63%
82Leeds UnitedRaphinha
63%
82Shanghai SIPGOscar
58%
82Manchester UnitedAlex Telles
52%
84Atletico MadridFelipe
51%
82FC BarcelonaPhilippe Coutinho
50%
83EvertonAllan
48%
83Piemonte CalcioArthur
48%
82Al-NassrAnderson Talisca
44%
84Sevilla FCFernando
44%
82Sevilla FCDiego Carlos
40%
83Al-AhliPaulinho
38%
82Valencia CFGabriel Paulista
35%

Score Distribution

Percentile by Number Answered

Percent of People with Each Score

Your Score History

You have not taken this quiz